000 00632nam a22002177a 4500
003 UA-OsUOA
001 36568
007 ta
008 20060203b un ||||| |||| 00| 0 ukr d
100 _aВознюк В.
090 _a82
_bВ11
942 _cSA
040 _aUA-OsUOA
_bukr
_cUA-OsUOA
_dUA-OsUOA
245 _aЩедра пам'ять сусідів/ Вшанування О. Кобилянської в Румунії стає традиційним
300 _aС.7
955 _a0
041 _aukr
080 _a82
773 0 _w36563
650 7 _a82 Література. Літературознавство
_2UDC
999 _c322803
_d322803